MARC

Tag First Indicator Second Indicator Subfields
LEADER 00000cam a2200000 a 4500
001 in00001780452
005 20151025100334.0
008 970206s1995 ru b 000 0 rusod
010 |a  97113054  
020 |a 5248000211 
035 |a (OCoLC)ocm34910075 
040 |a MB  |c DLC  |d BRL  |d NYP  |d WAU  |d GZM  |d TXA  |d UtOrBLW 
042 |a lccopycat 
043 |a e-ur--- 
049 |a TXAM 
050 0 4 |a JN6554  |b .S374 1995 
100 1 |a Shevyrin, V. M. 
245 1 0 |a Gosudarstvennai︠a︡ duma v Rossii :  |b 1906-1917 gg. : obzor /  |c [avtor obzora V.M. Shevyrin ; redaktor A.A. Tverdokhleb]. 
264 1 |a Moskva :  |b INION RAN,  |c 1995. 
300 |a 92 pages ;  |c 21 cm. 
336 |a text  |b txt  |2 rdacontent 
337 |a unmediated  |b n  |2 rdamedia 
338 |a volume  |b nc  |2 rdacarrier 
490 1 |a Serii︠a︡: Otechestvennai︠a︡ istorii︠a︡ 
500 |a At head of title: Rossiĭskai︠a︡ akademii︠a︡ nauk. Institut nauchnoĭ informat︠s︡ii po obshchestvennym naukam. 
504 |a Includes bibliographical references (pages 89-92). 
610 1 0 |a Russia.  |b Gosudarstvennai︠a︡ Duma  |x History. 
610 2 0 |a Rossiĭskai︠a︡ sot︠s︡ial-demokraticheskai︠a︡ rabochai︠a︡ partii︠a︡  |x History. 
700 1 |a Tverdokhleb, A. A. 
830 0 |a Otechestvennai︠a︡ istorii︠a︡ (Institut nauchnoĭ informat︠s︡ii po obshchestvennym naukam (Rossiĭskai︠a︡ akademii︠a︡ nauk)) 
948 |a cataloged  |b h  |c 2003/9/22  |d c  |e tchubaryan  |f 10:16:24 am 
994 |a E0  |b TXA 
999 |a MARS 
999 f f |s 1b4e9062-5f0d-3346-bd57-d8602d618344  |i 7fa1bd96-5f86-3393-9202-6e71cca35e53  |t 0 
952 f f |p ric  |a Texas A&M University  |b Rellis Campus  |c Joint Library Facility  |d Remote Storage  |t 0  |e JN6554 .S374 1995  |h Library of Congress classification  |i unmediated -- volume  |m A14830481411 
998 f f |a JN6554 .S374 1995  |t 0  |l Remote Storage